Príbeh Fidela Castra

Podrobná bibliografia
Hlavný autor: Holka, Peter, 1950- (Autor)
Médium: Článok
Jazyk:slovenčina
Fyzický popis:Obr.
ISSN:0139-5769
Predmet:

MARC

LEADER 00000nab a2200000 a 4500
001 vtls009154103
003 SK-MaSNL
005 20260304171205.0
008 140302c2007 xo er|p||| |000 b|slo
015 |a SNBRB2007/10 
038 |a SPK 
040 |a SPKCL  |b slo  |c 1997  |e AACR2 
041 0 |a slo 
044 |a xo  |c SK 
072 7 |a 32  |x Politika  |2 konspekt 
080 |a 32  |x (729.1)  |2 1997 
100 1 |a Holka, Peter,  |d 1950-,  |4 aut  |9 85921 
245 1 0 |a Príbeh Fidela Castra  |c Peter Holka 
300 |b Obr. 
650 0 7 |a politika  |2 spk  |9 968 
651 7 |a Kuba  |2 spk  |9 17345 
655 7 |a recenzie  |2 snkbucl  |9 21907 
773 0 |t Učiteľské noviny  |g Roč. LVI., č. 4 (2007), s.  |x 0139-5769 
787 0 8 |i Rec.:  |a Ramonet, Ignacio  |t Fidel Castro : životopis pre dva hlasy  |d Bratislava : Ikar, 2007 
852 |a SPK  |b KIS3GCP 
958 |a RC  |2 snkbucl 
999 |c 2992113  |d 2994043